Dans la peau d'une ado (notice n° 1925571)
[ vue normale ]
| 000 -LEADER | |
|---|---|
| fixed length control field | 01294cam a2200133 4500500 |
| 005 - DATE AND TIME OF LATEST TRANSACTION | |
| control field | 20260329023222.0 |
| 041 ## - LANGUAGE CODE | |
| Language code of text/sound track or separate title | fre |
| 042 ## - AUTHENTICATION CODE | |
| Authentication code | dc |
| 100 10 - MAIN ENTRY--PERSONAL NAME | |
| Personal name | Müller, Elise |
| Relator term | author |
| 245 00 - TITLE STATEMENT | |
| Title | Dans la peau d'une ado |
| 260 ## - PUBLICATION, DISTRIBUTION, ETC. | |
| Name of publisher, distributor, etc. | Armand Colin,<br/> |
| Date of publication, distribution, etc. | 2015.<br/> |
| 520 ## - SUMMARY, ETC. | |
| Summary, etc. | Qui sont les adolescentes d’aujourd’hui ? Quelles questions se posent-elles, sur elles-mêmes, sur les autres ? Quels moyens mettent-elles en oeuvre pour y répondre ? Comment appréhendent-elles leur avenir, leur « devenir femme », dans un contexte moderne incertain et parfois hostile ?Loin des a priori et des stéréotypes sur l’ado acnéique et mal dans sa peau, cet ouvrage, fruit d’une enquête menée auprès d’une quarantaine de jeunes filles, vient explorer l’ensemble de ces thématiques et proposer un regard neuf et positif sur l’adolescence. Presque à la manière d’un journal intime, en accordant une large place à la parole des ados interrogées, il invite le lecteur à se mettre à leur écoute, à se glisser véritablement « dans la peau » d’une ado d’aujourd’hui, et à saisir ainsi avec finesse l’intensité de leur rapport à l’instant présent. |
| 856 41 - ELECTRONIC LOCATION AND ACCESS | |
| Uniform Resource Identifier | <a href="https://shs.cairn.info/dans-la-peau-d-une-ado--9782200294434?lang=fr&redirect-ssocas=7080">https://shs.cairn.info/dans-la-peau-d-une-ado--9782200294434?lang=fr&redirect-ssocas=7080</a> |
Pas d'exemplaire disponible.




Réseaux sociaux